000
00486nam a2200181Ia 4500
008
090124s9999 xx 000 0 und d
082
_b
103033
100
_a
जोशी रा. भि.
245
_a
काचेचे कवच
250
_a
0
260
_c
1949
300
_a
124
600
_a
जोशी रा. भि.
630
_a
काचेचे कवच
700
_a
जोशी रा. भि.
730
_a
काचेचे कवच
942
_c
BOOK
999
_c
149125
_d
149125